| 000 | 00947nam a2200289 a 4500 | ||
|---|---|---|---|
| 001 | 000039483 | ||
| 003 | DO-SdBNP | ||
| 005 | 20180205100046.0 | ||
| 007 | 000039483 | ||
| 008 | 130702s19uu dr 001 f spa d | ||
| 040 |
_aBPMSU _bspa _cBPMSU |
||
| 092 |
_aRD863.44 _bxxx |
||
| 100 | 1 |
_aAlcántara Morales, Máximo, _d1953- |
|
| 245 | 1 | 0 |
_aYamary : _bel esqueleto de algodón y otros cuentos / _cMáximo Alcántara Morales. |
| 260 |
_aSanto Domingo : _fImpresora Mella, _c[19--]. |
||
| 300 |
_a100 p. ; _c23 cm. |
||
| 650 | 4 | _aNOVELA DOMINICANA | |
| 650 | 4 | _aCUENTOS DOMINICANOS | |
| 650 | 4 | _aLITERATURA DOMINICANA | |
| 930 | 1 |
_lBND01 _mLF1 _hRD863.44 _820130702 _f01 _pHD _g37637 |
|
| 942 |
_2ddc _cBK |
||
| 945 | _aInventariado, 2018/ YL | ||
| 956 |
_aYLOCKWARD _b10 _c20130702 _lBND01 _h1439 |
||
| 956 |
_aNMORDAN _b10 _c20130716 _lBND01 _h1038 |
||
| 956 |
_aEMARRERO _b40 _c20140427 _lBND01 _h1653 |
||
| 956 |
_aVMATEO _b10 _c20150309 _lBND01 _h00151 |
||
| 999 |
_c7573 _d7573 |
||